000 00857nam a2200265 i 4500
003 DO-SdBNP
005 20231030133337.0
007 ta
008 231030b2017 dr a|||| |||| 00| 0 spa d
020 _a9789945088854
040 _aDO-SdBNP
_bspa
_cBNPHU
_erda
082 4 _222
100 _aYoset, McConney,
_eautor
_984551
245 1 0 _aSe trata de amor /
_cMcConney Yoset ; corrección, Mishelle Salcedo
264 _aSanto Domingo :
_beditor no identificado,
_c2017.
300 _a108 páginas :
_bilustraciones ;
_c21 cm.
336 _2rdacontent
_atexto
_btxt
337 _2rdamedia
_asin mediación
_bn
338 _2rdacarrier
_avolumen
_bnc
500 _aIncluye datos biográficos del autor en la contracubierta
590 _aInventariado, 2023/BT
700 _aSalcedo, Mishelle,
_ecorrección
_984552
910 _aBtavárez
942 _2ddc
_cLBS1
999 _c55341
_d55341